00265nam a22001217a 4500003000400000008004100004020001800045082001500063100001800078245001400096260002500110300000800135OSt220521b ||||| |||| 00| 0 eng d a9780753555637 a920.65 VAC aVANCE, Ashlee aElon Musk aLondonbVirginc2015 a392